Nová mládež časopis Hlinkovej mládeže

Bibliographic Details
Format: Journal
Language:Slovak
PhysicalDescription:7 zv. 29 x 21 cm
Published: Bratislava Sborové veliteľstvo Hlinkovej mládeže 1939-1945
Bratislava Štátne nakladateľstvo
Bratislava Hlavné veliteľstvo Hlinkovej mládeže
Subjects:

MARC

LEADER 00000cas a22000001a 4500
001 vtls010300299
003 SK-MaSNL
005 20260228163020.0
008 110810d19391945xo mr p r 0 b0slo d
040 |a SNK  |b slo  |c SNK  |e AACR2 
041 0 |a slo 
044 |a xo  |c SK 
072 7 |a 82  |x Literatúra. Literárny život  |2 konspekt 
080 |a 82  |2 2001 
080 |a 050  |2 2001 
245 0 0 |a Nová mládež  |b časopis Hlinkovej mládeže 
260 |a Bratislava  |b Sborové veliteľstvo Hlinkovej mládeže  |c 1939-1945 
260 2 |3 10/1940-15/1940  |a Bratislava  |b Štátne nakladateľstvo 
260 3 |3 16/1940-1945  |a Bratislava  |b Hlavné veliteľstvo Hlinkovej mládeže 
300 |a 7 zv.  |c 29 x 21 cm 
310 |a 1x mesačne 
362 0 |a Roč. [I], č. 1 (1939)-roč. VII, č. 6 (1945) 
500 |a Zmena formátu od 1/1943: 24 x 17 cm 
500 |a Redaktori sa menia 
500 |a Tlač. Kníhtlač. Andreja 
525 |a Vydávala prílohu Malá knižnica Novej mládeže (zv. 1. S mapou a kompasom v prírode. 1943. 32 s.; zv. 2. Čo musíme vedieť o mape. 1943. 32 s.; zv. 3. Odhady vzdialenosti a kreslenie náčrtkov v prírode. 1944. 32 s.; zv. 4. Signalizujeme. 1944. 32 s. - formát série: 10 x 7 cm) 
650 0 7 |a literatúra  |2 SNKPH  |9 1427 
655 7 |a časopisy pre mládež  |2 SNKPH  |9 70792 
910 |a snk 
916 |a 1939-1945 
999 |c 8729  |d 10659 
952 |0 0  |1 0  |4 0  |7 0  |8 5  |a SNK  |b SNK  |d 2004-03-16  |i snkF 6249/78  |l 0  |o snkČSB 300/2/[1940] D1  |p 17A0419720  |r 2005-01-02 00:00:00  |t č. 10-15, neúplné  |w 2026-02-21  |y PREZ  |z chýba č. 10-12 
952 |0 0  |1 0  |3 chýba č. 1;  |4 0  |7 0  |8 5  |a SNK  |b SNK  |d 2004-03-16  |i snkF 3236/39  |l 0  |o snkČSB 300/1/1939 D1  |p 17A0419686  |r 2005-01-02 00:00:00  |t č. 1-5, neúplné  |w 2026-02-21  |y PREZ  |z Chýba č. 1 
952 |0 0  |1 0  |4 0  |7 0  |8 3  |a SNK  |b SNK  |d 1999-09-21  |f 1  |i snkK 2755/74  |l 0  |o snkČSB 300/1/1939  |p 17A0211174  |r 2005-01-02 00:00:00  |t č. 1-5  |w 2026-02-21  |y PREZ 
952 |0 0  |1 0  |4 0  |7 0  |a SNK  |b SNK  |d 2003-07-02  |i snk1486/42  |l 0  |o snkČSB 300/3/[1940]-[1941] D1  |p 17A0388437  |r 2005-01-02 00:00:00  |t č. 16-25, neúplné  |w 2026-02-21  |y PREZ  |z Chýba č. 18 
952 |0 0  |1 0  |4 0  |7 0  |a SNK  |b SNK  |d 2003-07-02  |f 1  |i snk1487/42  |l 0  |o snkČSB 300/4/1941-1942  |p 17A0388471  |r 2005-01-02 00:00:00  |t č. 1-10  |w 2026-02-21  |y PREZ  |z č. 1-26 
952 |0 0  |1 0  |4 0  |7 0  |8 5  |a SNK  |b SNK  |d 2003-07-02  |f 1  |i snkF 953/68  |l 0  |o snkČSB 300/5/1942-1943  |p 17A0388509  |r 2005-01-02 00:00:00  |t č. 1-10  |w 2026-02-21  |y PREZ  |z č. 1-36 
952 |0 0  |1 0  |4 0  |7 0  |a SNK  |b SNK  |d 2003-07-14  |f 1  |i snk3271/44  |l 0  |o snkČSB 300/6/1943-1944  |p 17A0388631  |r 2005-01-02 00:00:00  |t č. 1-10  |w 2026-02-21  |y PREZ  |z č. 1-47 
952 |0 0  |1 0  |4 0  |7 0  |8 5  |a SNK  |b SNK  |d 2012-07-20  |i snkF 949/68  |l 0  |o snkČSB 300/5/1942-1943 D1  |p 17A1019918  |r 2026-02-21 20:40:41  |t č. 1-10  |w 2026-02-21  |y PREZ  |z č. 1-10 
952 |0 0  |1 0  |4 0  |7 0  |8 5  |a SNK  |b SNK  |d 2012-07-20  |i snkF 950/68  |l 0  |o snkČSB 300/4/1941-1942 D1  |p 17A1019917  |r 2026-02-21 20:40:41  |t č. 1-10  |w 2026-02-21  |y PREZ  |z č. 1-10 
952 |0 0  |1 0  |4 0  |7 0  |8 5  |a SNK  |b SNK  |d 2012-07-20  |f 1  |i snkF 1638/73  |l 0  |o snkČSB 300/3/[1940]-[1941]   |p 17A1019916  |r 2026-02-21 20:40:41  |t č. 16-25  |w 2026-02-21  |y PREZ 
952 |0 0  |1 0  |4 0  |7 0  |8 5  |a SNK  |b SNK  |d 2012-07-20  |i snkF 951/68  |l 0  |o snkČSB 300/7/1944-1945 D1  |p 17A1019915  |r 2026-02-21 20:40:41  |t č. 1-6  |w 2026-02-21  |y PREZ 
952 |0 0  |1 0  |4 0  |7 0  |8 5  |a SNK  |b SNK  |d 2012-07-20  |i snkXI. 2099/55  |l 0  |o snkČSB 300/6/1943-1944 D1  |p 17A1019914  |r 2026-02-21 20:40:41  |t č. 1-10  |w 2026-02-21  |y PREZ 
952 |0 0  |1 0  |4 0  |7 0  |a SNK  |b SNK  |d 2003-07-14  |f 1  |i snk2996/44  |l 0  |o snkČSB 300/7/1944-1945  |p 17A0388219  |r 2005-01-02 00:00:00  |t č. 1-6  |w 2026-02-21  |y PREZ  |z č. 1-47 
952 |0 0  |1 0  |4 0  |7 0  |a SNK  |b SNK  |d 1997-03-06  |f 1  |i snk1485/42  |l 0  |o snkČSB 300/2/[1940]  |p 17A0053929  |r 2005-01-02 00:00:00  |t č. 10-15  |w 2026-02-21  |y PREZ